000 00302nam a22001217a 4500
008 230629b xxu||||| |||| 00| 0 eng d
082 _a333.79
_bMERD
100 _cGOK
245 _aNational Energy Policy and Investment Plan
260 _aKenya
_bGOK
_c1987
300 _avarious paging
942 _2ddc
_cBK
999 _c2964
_d2964